00419nam a2200121Ia 4500008004100000082001200041100001800053245006300071260003100134365000600165630006300171730006300234100415s9999 xx 000 0 und d b20a500 aKinns Samuel aMoses and Geology or the Harmony of the Bible with Science aLONDONc1884bCASSELL & CO b0 aMoses and Geology or the Harmony of the Bible with Science aMoses and Geology or the Harmony of the Bible with Science